00482nam a2200169Ia 4500008004100000041001200041082001200053100001600065245005900081365000600140520001200146546001200158630005900170650001200229655001200241730005900253101110s9999 xx 000 0 und d aENGLISH bSR12427 aManoilov V. aElectricity and Man. (Medical application and hazards) b3 aPhysics aENGLISH aElectricity and Man. (Medical application and hazards) aPhysics aPhysics aElectricity and Man. (Medical application and hazards)